000 00523pam a2200181 a 4500
020 _c
041 _h
082 _a005.368 4
_bABE/KNI
100 _aLARSON M. AND LIU C. (replaced ) Abell R.
245 _aDNS ON WINDOWS 2000 (replaced) Windows 2000 DNS/
_hTextual Documents
250 _a01-01-2001.
260 _aNew Delhi:
_bSPD PUBLICATIONS (replaced) Techmedia.
300 _aXIV/334
500 _a4314
653 _aSOFTWARE ENGINEERING (T.E.-II)
700 _aKnief H.
_aDaniels A.
_aGraham J.
930 _a3906
999 _c47131
_d47131